00604nam a2200133Ia 4500008004100000100002400041245009000065245016500155260005300320260001300373300000800386650001500394856006100409170221s9999 xx 000 0 und d aMarina B. Kozhanova aFeatures of Pedagogical Management of Students Civil and Patriotic Qualities Forming  cMarina B. Kozhanova, Igor V. Kozhanov, Gulnara R. Ibraeva, Valentina A. Komelina, Dmitry A. Krylov, Nikolai V. Kuzmin, Nadezhda N. Golovina, Svetlana A. Arefeva bInternational Review of Management and Marketing cMay 2014 a3:2 xMarketing. uhttp://www.econjournals.com/index.php/irmm/issue/view/71